MARC

LEADER 00000nam0a2200000 4500
001 78963
005 20231031094120.0
035 |a (RuTPU)RU\TPU\book\84799 
090 |a 78963 
100 |a 20050707d2003 m y0rusy50 ca 
101 0 |a ger 
102 |a RU 
105 |a a j 001zy 
200 1 |a Deutsch für den Beruf: PR. Sozialarbeit. Management  |e учебно-методическое пособие  |f Л. И. Агафонова, С. Л. Бородихина, О. С. Докшина, Н. Б. Рождественская  |g Томский политехнический университет; Институт языковой коммуникации 
210 |a Томск  |c Изд-во ТПУ  |d 2003 
215 |a 95 с.  |c ил. 
225 1 |a Совершенствование языковой подготовки в техническом вузе  |v Вып. 9 
320 |a Literaturverzeichniss: p. 95 
610 1 |a немецкий язык 
610 1 |a лексика 
610 1 |a разговорная речь 
610 1 |a упражнения 
610 1 |a учебные пособия 
610 1 |a социальная работа 
610 1 |a социальное обеспечение 
610 1 |a социальное обслуживание 
610 1 |a социальная политика 
610 1 |a управление 
610 1 |a менеджмент 
686 |a Ш143.24-923.4  |v LBC/SL-A  |2 rubbk 
686 |a У9(2)272  |v LBC/SL-A  |2 rubbk 
701 1 |a Агафонова  |b Л. И.  |g Лидия Ивановна 
701 1 |a Бородихина  |b С. Л.  |g Светлана Леонидовна 
701 1 |a Докшина  |b О. С.  |g Оксана Сергеевна 
701 1 |a Рождественская  |b Н. Б.  |g Наталья Борисовна 
712 0 2 |a Томский политехнический университет  |2 stltpush  |3 (RuTPU)RU\TPU\col\376 
712 0 2 |a Институт языковой коммуникации  |2 stltpush  |3 (RuTPU)RU\TPU\col\3881 
801 1 |a RU  |b 63413507  |c 20050707  |g PSBO 
801 2 |a RU  |b 63413507  |c 20100413  |g PSBO 
942 |c BK